000 00628nam a2200205Ia 4500
003 GCL
008 140319s9999 xx 000 0 ara d
020 _a0045269977
040 _aGCL /
_cGCL
082 0 4 _a001.44
_bم ا
100 1 _aمحمد حسين ابوالعلا
245 1 0 _aامتنا وجوائز نوبل /
_cمحمد حسين ابوالعلا
250 _aالاولى
260 _aالقاهرة :
_bالفتح للاعلام العربى ،
_c1996
300 _a152 ص ؛
_c20 سم
650 0 4 _aمصر
650 0 4 _aجائزة نوبل
650 0 4 _aالجوائز والمكافات
942 _2ddc
_cBK
999 _c8601
_d8601